| 000 | 01002cam a22003137a 4500 | ||
|---|---|---|---|
| 003 | CHAP | ||
| 005 | 20220817042148.0 | ||
| 008 | 971013s1965 r 00010 d | ||
| 010 | _a36419 | ||
| 011 | _a37391 | ||
| 035 | _a41511 | ||
| 040 | _cCHAP | ||
| 082 |
_a338.17318 _bF3 |
||
| 110 | _aFAO | ||
| 245 | 1 | 3 | _aLa economía mundial del arroz en cifras 1909-1963 |
| 260 |
_aRoma : _bFAO, _c1965 |
||
| 300 | _a134 p. | ||
| 490 | 0 |
_aFAO. Documentación sobre productos básicos _v; 3 |
|
| 590 |
_aBATCH-UPD _b10 _c20130110 _lUCH01 _h2255 |
||
| 590 |
_aBATCH-UPD _b10 _c20130410 _lUCH01 _h1548 |
||
| 590 |
_aBATCH-UPD _b10 _c20130914 _lUCH01 _h2027 |
||
| 590 |
_aCONVERSION _b10 _c20130109 _lUCH01 _h1320 |
||
| 650 | 1 | 4 |
_aArroz _xAspectos económicos. _97562 |
| 830 | 0 |
_aFAO. Documentación sobre productos básicos _v; 3 _939527 |
|
| 901 | _aBK | ||
| 942 | _cLIBRO | ||
| 949 |
_a338.17318 F3 _bBC _cFAO _d-95140 _eFAO1 _h5683 _i41511 _si |
||
| 949 |
_a338.17318 F3 _bBC _cFAO _d-95142 _eFAO2 _fc.2 _h32511 _i41511 _si |
||
| 999 |
_c36419 _d36419 |
||